| 000 | 004130000a22001690004500 | ||
|---|---|---|---|
| 020 | _a968-466-016-2 | ||
| 041 | 0 | _aSPA | |
| 082 | 0 | 4 | _aG 268.58 C39787c |
| 245 | 1 | 0 | _aConozcamos a Cristo |
| 260 | _aMéxico : Centro Cultural Pro la Niñez | ||
| 300 | _a30 Pag | ||
| 001 | 10220 | ||
| 942 | _cBK | ||
| 999 |
_c39868 _d39868 |
||
| 336 |
_atexto _btxt _2rdacontent |
||
| 337 |
_2rdamedia _asin mediación _bn |
||
| 338 |
_2rdacarrier _avolumen _bnc |
||